Návrh systému personálneho marketingu so zameraním na získavanie zamestnancov v spoločnosti IKEA Industry Slovakia s. r. o.

Salvato in:
Dettagli Bibliografici
Autore principale: Minarovičová, Lucia (Autore)
Altri autori: Chlpeková, Andrea (Relatore della tesi)
Natura: Manoscritto Libro
Lingua:slovacco
Pubblicazione: 2019
Soggetti:
Accesso online:http://is.stuba.sk/zp/portal_zp.pl?podrobnosti=143627
Tags: Aggiungi Tag
Nessun Tag, puoi essere il primo ad aggiungerne!!

MARC

LEADER 00000ntm a22000003a 4500
001 stuzp72810
003 SK-STU
005 20190608211117.6
007 ta
008 150427s2015----xo-----f-mn---000-0-slo-d
040 |a STU  |b slo 
041 0 |a slo 
100 1 |a Minarovičová, Lucia  |u 064000  |k Z4  |4 aut  |U MTF Materiálovotechnologická fakulta  |T MTF Ústav priemyselného inžinierstva a manažmentu  |X 69809  |U M4000  |Y 84  |7 69809 
242 0 1 |a Proposal of personnel marketing system focused on recruitment in IKEA Industry Slovakia, s.r.o  |y eng 
245 1 0 |a Návrh systému personálneho marketingu so zameraním na získavanie zamestnancov v spoločnosti IKEA Industry Slovakia s. r. o. 
260 |c 2019 
650 4 |a výber zamestnancov  |2 slo 
650 4 |a personálny marketing,  |2 slo 
650 4 |a riadenie ľudských zdrojov,  |2 slo 
650 4 |a značka zamestnávateľa,  |2 slo 
650 4 |a získavanie zamestnancov,  |2 slo 
650 4 |a employee recruitment,  |2 eng 
650 4 |a human resources management,  |2 eng 
650 4 |a personnel marketing,  |2 eng 
650 4 |a employee selection  |2 eng 
650 4 |a emloyer brand,  |2 eng 
700 1 |a Chlpeková, Andrea  |u 064000  |k Z1  |4 ths  |U MTF Materiálovotechnologická fakulta  |T MTF Ústav priemyselného inžinierstva a manažmentu  |X 237  |U M4000  |Y 84  |7 A000000237 
856 4 |u http://is.stuba.sk/zp/portal_zp.pl?podrobnosti=143627 
996 |c M* DP-14058  |l MMSKP  |s P  |a 0  |w stuzp72810_0001